Elecciones y representación /
Guardado en:
| Hovedforfatter: | |
|---|---|
| Andre forfattere: | |
| Format: | Texto |
| Tags: |
Tilføj Tag
Ingen Tags, Vær først til at tagge denne postø!
|
MARC
| LEADER | 00000 a a2200000 04500 | ||
|---|---|---|---|
| 001 | 9695 | ||
| 003 | |||
| 040 | |||
| 100 | |a Manin, Bernard | ||
| 245 | |a Elecciones y representación / |c Bernard Manin | ||
| 700 | |a Przeworski, Adam |a Stokes, Susan C. | ||
| 773 | |g volumen 8, número 37; páginas 14-29 | ||
| 999 | |c 36943 |d 36943 | ||
